[Event "Jean Jaures - Crelel 41/2-31/2"]
[Site "?"]
[Date "2018.12.02"]
[Round "5.8"]
[White "De Gueldre, Philippe"]
[Black "Witt, Rob"]
[Result "1-0"]
[WhiteElo "2233"]
[BlackElo "2154"]
[Annotator "Witt"]
[PlyCount "55"]
[EventDate "2018.??.??"]

{In de 5e ronde van de Interclubs hadden we het sterke Crelel uit Luik als
tegenstander. Op bord 8 trof ik een sympathieke Engels sprekende Franstalige
Belg. Ik had gezien dat hij meestal e4 opent maar ook regelmatig d4.} 1. d4 Nf6
2. c4 e6 3. Nf3 d5 4. g3 {Maar Katalaans had ik niet van hem gezien.} Be7 ({
Ik vind scherpe systemen met} 4... dxc4 {eigenlijk interessanter, maar na twee
onnodige nullen in België wilde ik het solide aanpakken.}) 5. Bg2 O-O 6. O-O
dxc4 7. Qc2 a6 8. Qxc4 {Conform Avrukh in de 1e druk van zijn 1.d4 bijbel.} ({
In de 2e druk is Avrukh overgestapt op} 8. a4) 8... b5 9. Qc2 Bb7 10. Bf4 {
Na 10 minuten een zet die ik niet kende.} ({Philippe zei na afloop dat hij
besloot tot deze minder gebruikelijke zet omdat het gangbare} 10. Bd2 {
tegenwoordig geen voordeel meer belooft. Bijv.} Be4 11. Qc1 c6 12. Rd1 Nbd7 13.
Nc3 Bg6 14. Bg5 Rc8 15. a3 a5 16. h4 h6 17. Bxf6 Bxf6 18. Qe3 Qb6 19. Ne4 Be7
20. Rac1 Rfd8 $13 {(28.½-½) Kramnik,V (2787)-So,W (2792) Wijk aan Zee 2018})
10... Bd6 {Na 6 minuten} ({Volgens mijn theoretisch veel beter onderlegde
teamgenoten Michael Wunnink en Henk-Jan Visser is} 10... Nc6 {de beste zet.
Bijv.} 11. Nc3 Nb4 12. Qc1 Rc8 13. Rd1 Nbd5 14. Nxd5 Bxd5 15. Be3 Ng4 16. Ne1
Bxg2 17. Nxg2 Qd5 $13 {(50.0-1) Carlsen,M (2775)-Anand,V (2798) Mainz 2008})
11. Bxd6 {Na een kwartier.} (11. Nbd2 {is 5x zo vaak gespeeld en ook beter.})
11... cxd6 {Na 10 minuten.} 12. Nbd2 Nbd7 13. a4 $146 {De eerste nieuwe zet.}
Rc8 {Wit nog 58 minuten, zwart ruim een uur. Het was lastig kiezen tussen
diverse zetten die er allemaal redelijk uitzien. Ik overwoog ook een damezet
en vervolgens Tfc8, maar in sommige varianten heb ik misschien een toren op e8
of d8 nodig. Ik merkte ook dat ik mij moeilijk kon concentreren omdat ik bij
buurman Alje Hovenga een interessante Mar del Plata op het bord zag
verschijnen.} 14. Qb3 Qb6 15. axb5 axb5 16. Rfc1 Ne4 17. Nxe4 {Na een kwartier.
} Bxe4 18. Qe3 {Die kwam voor mij onverwacht.} Qb7 {Mijn dame stond prima op
b6.} ({Er was niks mis met} 18... Bd5 {maar als wit zijn paard wegspeelt heb
ik een tempo weggeven.}) (18... Nf6 {lijkt me nu het beste.}) 19. Qf4 {Na 11
minuten. Ook deze had ik niet verwacht. Ik werd hier een beetje in slaap
gesust omdat mijn tegenstander de indruk wekte dat hij het niet zo zag zitten.
En in plaats van mij grondig in de finesses van de stelling te verdiepen,
vroeg ik mij af of ik bij zet 20 remise zou aanbieden om vervolgens wat in de
stad rond te kijken.} d5 {Na 8 minuten een zet waar ik niet tevreden over ben.}
({Ik heb een beetje mijn tijd verdaan met} 19... e5 20. dxe5 dxe5 {maar dat
beviel me niet erg.}) ({Ik had mijn eerste gedachte moeten volgen:} 19... Rxc1+
20. Rxc1 Qd5 {en remise aanbieden, wat mijn tegenstander aangenomen zou hebben
zoals hij na afloop zei.}) 20. Bf1 {Na 10 minuten.} ({Bij de post-mortem
vonden we} 20. Qd6 {hier of op de volgende zet een tikkeltje ongemakkelijk
voor zwart.}) 20... h6 {Na 8 minuten.} (20... Qb6 $11) 21. Nd2 Bc2 {Wit nog 13
minuten, zwart 35 minuten.} 22. e3 {Ik had gezien dat de poging om een pion te
winnen met Ta5 geen echte dreiging was wegens La4. Maar hier bedacht ik een
ander slim plan. Ik wilde hem verleiden om toch voor de pionwinst te gaan en
na 5 minuten speelde ik} b4 $4 {Op het moment dat ik de pion losliet, zag ik
wat ik aangericht had.} ({Na bijv.} 22... Rc6 {staat het gelijk.}) 23. Ba6 $18
{Verschrikkelijk, ik kan meteen opgeven. Dit was helemaal geen dreiging met
mijn pion nog op b5. De rest behoeft geen commentaar.} ({Mijn 'slimme plan' was
} 23. Ra5 Bg6 $1 24. Rxc8 Rxc8 25. Rb5 $2 (25. Qd6 $11) 25... Qc6 $17 {en wit
is in grote problemen.}) 23... Qb6 24. Bxc8 Rxc8 25. b3 Rc3 26. Ra8+ Nf8 27.
Qb8 Qxb8 28. Rxb8 {En ik feliciteerde mijn tegenstander. Hierdoor kwamen we
met 1-0 achter en wat later verloor Merijn en werd het 2-0. Maar een paar
overige borden stonden beter en met 3 winstpartijen en 3 remises wisten we de
match alsnog te winnen. Een prachtige teamprestatie want Crelel was ruim 100
elopunten sterker dan wij.} 1-0

[Event "Caissa 2 - Amersfoort 31/2-41/2"]
[Site "?"]
[Date "2018.12.15"]
[Round "5"]
[White "Van Leent, Dimitri"]
[Black "Witt, Rob"]
[Result "1-0"]
[WhiteElo "2229"]
[BlackElo "2154"]
[Annotator "Witt"]
[PlyCount "109"]
[EventDate "2018.??.??"]

{We speelden in de 5e ronde tegen Amersfoort opnieuw zonder Gertjan van der
Hoeven. Ik trof hun sterkste speler op bord 3.} 1. c4 e5 2. g3 Nf6 3. Bg2 c6 {
Ik was mijn voorbereidingen vrijdagavond begonnen met het bekijken van deze
Keresvariant voor het geval ik toch tegen Dimitri moest. Maar daarna heb ik
ook nog andere dingen bekeken tegen spelers die geen 1.c4 openen. De varianten
tegen Dimitri waren niet echt blijven hangen.} 4. d4 (4. Nf3 e4 5. Nd4 Qb6 {
zoals onlangs in de rapidpartij Nakamura-Caruana, moets ook bekeken worden.})
4... e4 5. Nc3 d5 6. Bg5 Nbd7 {Aanbevolen door Delchev en Semkov in hun
interessante boek 'Attacking the English / Reti' uit 2016.} ({Gewoon} 6... Bb4
{is ook niet slecht volgens Delchev.}) 7. cxd5 cxd5 8. Qa4 {Allemaal snel
gespeeld door Dimitri. Zijn laatste zet verraste mij. Hij had die vorig jaar
weliswaar in Vlissingen gespeeld, maar de zet wordt niet helemaal serieus
genomen. Ik had gezien waar zwart beter kon spelen en nam aan dat hij dit niet
meer zou doen.} ({De meeste partijen gaan verder met} 8. Qb3 {en nu geeft
Delchev} Bd6 $1 {met interessante verwikkelingen die niet behandeld worden
door Marin in zijn standaardwerk voor de 1.c4 speler.}) 8... Qb6 9. Bd2 {
Dit was mij ook nog bekend, maar nu kon ik me met geen mogelijkheid herinneren
hoe die partij van Dimitri verder ging, laat staan wat voor verbetering ik
voor zwart had klaarliggen. Na een kwartier speelde ik} Bd6 {het moest bijna
wel deze zet zijn omdat ik me vaag kon herinneren dat er een variant was met
Ph3 en Lf4 waarna de lopers geruild werden.} ({Maar in die partij volgde dus} 
9... Be7 10. Nh3 O-O 11. Nf4 Qc6 (11... Qd6 12. Qb3 Nb6 13. a4 {(44.0-1)
Jirovsky,M (2455)-Navara,D (2718) Czechia 2014}) 12. Qb3 Nb6 13. Rc1 Qd7 14. h4
Qd8 15. Nb5 Nc4 16. Nxd5 Nxd5 ({Beter is} 16... Nxd2 $1) 17. Qxc4 Be6 {(32.1-0)
Van Leent,D (2244)-Gutkind,K (2063) Vlissingen 2017}) 10. e3 {Na ruim 20
minuten een zet die ik totaal niet verwacht had. Hij lijkt me ook minder goed.}
(10. Nb5) 10... O-O 11. Nb5 Bb8 {Na 7 minuten.} ({De engine heeft een lichte
voorkeur voor} 11... Be7) 12. Bb4 Re8 13. Ne2 {Na 9 minuten.} a6 {Die speelde
ik snel. Misschien heeft zwart betere zetten.} (13... a5 $5) 14. Nbc3 Qc6 $6 {
Matige taxatie van de stelling na dameruil.} (14... Qd8) 15. Qxc6 bxc6 16. Ba5
(16. Na4) 16... Bd6 17. b4 Rb8 18. a3 Nb6 {Wit nog 35 minuten, zwart 50
minuten.} 19. Bxb6 $6 (19. Nc1 $1 Nc4 20. Nb3 $14) 19... Rxb6 20. Na4 Rb8 21.
O-O {Na 10 minuten.} a5 22. Rfc1 axb4 23. Rxc6 Bf8 ({Ik geloof dat Michael
Wunnink na afloop hier Ta8 voortstelde. Maar waarschijnlijk vergis ik me want
zwart verliest materiaal na} 23... Ra8 24. Nb6 Rxa3 25. Rxa3 bxa3 26. Nc1 $18)
24. axb4 Bd7 {En hier bood ik remise aan. Ik zag geen manier om op winst te
spelen en wit kan misschien op de zwakte d5 spelen. Ik hoopte dat wit lang zou
nadenken, maar hij weigerde al na 5 minuten.} (24... Ra8 25. b5) 25. Rcc1 Rxb4
26. Nac3 {Wil druk op d5 uitoefenen.} ({Ik verwachtte eerder} 26. Nc5) 26... g5
27. Ra5 Be6 {Na 10 minuten waarschijnlijk de beste zet.} 28. h3 Rb2 {Om veld
b4 vrij te maken voor mijn loper.} (28... Rc8 {lijkt meer 'to the point'. Als
er iemand beter staat is het eerder zwart.}) 29. Bf1 Rc8 $4 {Een
verschrikkelijke blunder.} ({Mijn oorspronkelijke bedoeling was} 29... Bb4 {
en op de meeste torenzetten Tc8. Maar toen zag ik dat het ingewikkeld kon
worden na} 30. Ra6 Rc8 31. Nxd5 Nxd5 32. Rxe6 {en daarom besloot ik zonder al
te veel nadenken tot de tekstzet.}) ({Na bijv. rustig} 29... Reb8 {staat het
gelijk en zal het wel remise worden.}) 30. Nxd5 {Natuurlijk. Zwart verliest
niet alleen een pion maar ook zijn stelling.} Nxd5 31. Rxc8 Bxc8 32. Rxd5 h6 {
Wit nog 9 minuten, zwart 20 minuten.} 33. g4 Ba6 {Na 8 minuten balen.} 34. Nc3
Bd3 35. Re5 $2 {Na 3 minuten een zet die de winst problematisch had moeten
maken.} (35. Bg2 $18 {was wel zo simpel geweest.}) 35... f6 $2 {Ik had beter
moeten rekenen.} ({Ik had wel gekeken naar} 35... Bb4 36. Nxe4 Bxe4 37. Rxe4
Be1 {Maar ik dacht dat het weinig zin had na een zet met de f-pion. Zwart kan
echter nog vechten na} 38. f4 Bf2+ 39. Kh1 Rb3 {en de engine geeft na een paar
minuten nog maar +0.39 voor wit dus misschien houdt zwart remise.} ({Een
andere mogelijkheid is} 39... gxf4 40. exf4 Rb4 {wat wellicht ook houdbaar is
voor zwart.})) 36. Re6 Kf7 37. d5 Rb4 {A tempo gespeeld.} ({Ook hier had ik
taaier kunnen verdedigen met} 37... Rd2 38. Bg2 Bb4 39. Nxe4 Rd1+ 40. Kh2 Bxe4
41. Bxe4 Be1 42. Kg2 Rd2 {en zwart doet nog mee.}) 38. Bg2 Rc4 (38... Bc4 $5)
39. Nxe4 Rc1+ 40. Kh2 Bxe4 41. Bxe4 {Ik heb nog ongelijke lopers op het bord
gekregen, maar met torens erbij blijft het volkomen hopeloos.} Bb4 {Allebei
een half uur erbij. De rest behoeft geen commentaar.} 42. Rb6 Bc3 43. Rb7+ Kg8
44. Kg2 Be5 45. h4 Rc4 46. Bf5 Rc5 47. h5 Kf8 48. Be6 Rc7 49. Rb8+ Kg7 50. Rg8+
Kh7 51. Rd8 Kg7 52. d6 Rc6 53. Rg8+ Kh7 54. d7 Bc7 55. Rc8 {En ik feliciteerde
mijn tegenstander. Het is mijn eerste nederlaag in de knsb sinds april 2017.
Het moest er een keer van komen, maar wel vervelend dat het mij overkomt in
een wedstrijd die we met 3½-4½ verliezen.} 1-0

[Event "Caissa intern 2018-2019"]
[Site "?"]
[Date "2018.12.20"]
[Round "15"]
[White "Witt, Rob"]
[Black "Lopez, Jasel"]
[Result "1/2-1/2"]
[WhiteElo "2154"]
[BlackElo "2379"]
[Annotator "Witt"]
[PlyCount "52"]
[EventDate "2018.??.??"]

{In de laatste ronde van de eerste cyclus werd ik gelukkig ingedeeld tegen een
sterke tegenstander.} 1. c4 {Voor 1985 speelde ik regelmatig 1.c4, daarna nog
maar een of twee keer. Ik had geen zin in Nimzo-indisch of Katalaans tegen
Jasel.} e5 2. g3 Nc6 3. Nc3 f5 {Na 3 zetten ben ik reeds 'out of book'.} 4. Nf3
{Het nieuwe boek van Carsten Hansen 'The full English Opening' behandelt deze
stelling niet.} (4. Bg2 {wordt vaker gespeeld, maar Mihail Marin vindt dat
minder nauwkeurig. Volgens hem moet zwart dan voortzetten met} Nf6 {en wit
staat voor de keus hoe verder te ontwikkelen. In grote lijnen gaat de keus
tussen een Botwinnikopstelling met d3 en e4, of doorzetten van d4 met e3 en
Pge2.}) 4... g6 ({De meeste partijen gaan verder met} 4... Nf6 5. d4 e4 6. Nh4
g6 7. Bg5 Bg7) 5. d4 e4 6. d5 $146 {Tot mijn verbazing blijkt deze zet nieuw
te zijn.} ({Er zijn sowieso weinig partijen met deze stelling. Marin gaat
verder met} 6. Ng5 Bg7 7. d5 Ne5 8. d6 Nxc4 ({De engine vindt dit niks voor
wit na} 8... c6 9. f3 Nxc4 10. fxe4 {Volgens Marin is zwart 'almost paralysed'.
}) 9. Qa4 $1 Nxd6 10. Ne6 b5 11. Nxg7+ Kf7 12. Qd4 Nf6 13. Bh6 $14) 6... exf3
7. dxc6 fxe2 {Dit lijkt achteraf minder nauwkeurig.} (7... dxc6 8. Qxd8+ Kxd8
9. exf3 {met gelijke kansen.}) 8. Qxe2+ Qe7 9. cxd7+ {Een luie zet en de
minste van de diverse mogelijkheden.} ({Na afloop vond Jasel dat ik} 9. Nd5 {
had moeten spelen. Bijv.} Qxe2+ 10. Bxe2 Bd6 {Ik had deze stelling wel gezien
maar zag geen duidelijk vervolg. Dat is er volgens Stockfish wel na} 11. Bd2 {
met de dreiging Lc3. Zwart kan misschien het beste een kwaliteit offeren met}
dxc6 12. Bc3 cxd5 13. Bxh8 {al lijkt dit goed voor wit.}) ({het beste is
misschien wel} 9. Nb5 $5 {maar die heb ik helemaal niet bekeken.}) (9. Bf4 $5 {
idem.}) 9... Bxd7 10. Qxe7+ {Ook hier keek ik naar allerlei andere
voortzettingen zonder iets concreets te zien.} (10. Nd5 Qxe2+ 11. Bxe2 O-O-O
12. Bf4 $13) (10. Bg5 Qxe2+ 11. Bxe2 Be7 $13) 10... Nxe7 11. Bg2 Bc6 {Ik vond
het lastig om te zien wat ik met mijn koning aan moest. Na een korte rokade
staat mijn koning ver van het centrum en na een lange rokade is pion f2 een
zwakte als zwart zijn loper naar c5 kan ontwikkelen. En als ik niet rokeer
moet ik toch een keer naar f1 of c2 lopen.} 12. Bxc6+ ({Het beste was} 12. O-O
{bijv.} Bxg2 13. Kxg2 O-O-O {maar het staat vrijwel gelijk.}) 12... Nxc6 13.
Nd5 $6 {Dit heeft niet veel zin.} (13. Bg5 $5 $13) 13... O-O-O 14. Bg5 ({
Mijn alternatief was} 14. Bd2 Re8+ 15. Kf1) 14... Re8+ 15. Be3 Nb4 {Die
speelde Jasel vrij snel.} ({Ik verwachtte eerder} 15... Ne5 {waarna ik
waarschijnlijk een pion moet offeren met} 16. O-O-O Nxc4 17. Bd4 Bh6+ 18. f4
Rhf8 19. Nf6 {Tot hier had ik gekeken en ik dacht nu pion h7 terug te winnen.})
16. Nxb4 ({Ik had ook even gekeken naar} 16. O-O-O {minder goed is dan} Nxa2+
$2 (16... Nxd5 17. Rxd5 $11) 17. Kb1 Nb4 18. Bd4 {en zwart moet een kwaliteit
geven.}) 16... Bxb4+ 17. Kd1 ({De engine vindt dat ik} 17. Kf1 {had moeten
spelen.}) 17... Re4 18. b3 {Ik had hier nog iets minder dan een uur en vond
mijn stelling een tikje ongemakkelijk, hoewel ik mij niet echt zorgen maakte.}
Rd8+ {Na ruim 10 minuten kwam de zet die ik verwachtte.} ({De engine geeft
zwart een miniem plusje na} 18... Rhe8) 19. Kc2 g5 {Dit ziet er gevaarlijk uit,
maar ik had de verdediging gezien.} 20. Rad1 {Die speelde ik 'with my hand'.} (
{Nauwkeuriger was} 20. Rhd1 {omdat wit a3 moet kunnen spelen als zwart
torenruil uit de weg gaat.}) 20... f4 {Snel gespeeld.} ({De engine geeft de
voorkeur aan} 20... Rde8 21. Kb1 f4 22. Bc1 {en misschien heeft zwart hier
iets.}) 21. Rxd8+ Kxd8 22. Rd1+ Ke7 23. gxf4 gxf4 24. Rd4 {Jasel zei dat hij
bij de vooruitberekening op zet 18 deze zet had gemist.} Rxd4 25. Bxd4 Ke6 26.
f3 a6 {En deze zet liet Jasel vergezeld gaan van een remiseaanbod. Ik had geen
reden om te weigeren. Deze eerste cyclus werd gewonnen door Marc Overeem na
een spannende tweestrijd met Henk-Jan Visser.} 1/2-1/2

[Event "Tata dag-4-kampen 2Z"]
[Site "?"]
[Date "2019.01.14"]
[Round "1"]
[White "Witt, Rob"]
[Black "Noordkamp, Wouter"]
[Result "1/2-1/2"]
[WhiteElo "2138"]
[BlackElo "2042"]
[Annotator "Witt"]
[PlyCount "49"]
[EventDate "2019.??.??"]

{We begonnen een uur later omdat Wijk aan Zee lange tijd niet bereikbaar was
vanwege een ernstig ongeluk. Velen gingen te voet van beverwijk naar Wijk aan
Zee, maar wij (Frans Arp, Michael Wunnink en ik) wisten via Heemskerk alsnog
Wijk aan Zee te bereiken. Mijn dag-4-kamp 2F werd uitgebreid met twee spelers.
De groep heette nu 2Z en er worden 3 ronden zwitsers gespeeld. Ik kende mijn
tegenstander alleen van naam.} 1. Nf3 Nf6 2. c4 e6 3. g3 b6 4. Bg2 Bb7 5. O-O
c5 6. Nc3 Be7 7. d4 ({In eerste instantie wilde ik} 7. Re1 d6 8. e4 {spelen.
Maar ik had niet zo'n zin in een gesloten stelling na} e5 {Volgens Michael kan
wit dan wellicht scherp spelen met} 9. d4 cxd4 10. Nxd4 exd4 11. e5 {Wat ik me
nu ook herinner. In de database scoort wit 5-5 maar het is volgens mij
allerminst duidelijk na} Bxg2 12. exf6 gxf6 $44) 7... cxd4 8. Qxd4 Nc6 9. Qf4
O-O 10. e4 d6 {wit: 1.23 uur, zwart 1.15 uur.} 11. b3 a6 12. Rd1 Qc7 13. Bb2
Nd7 14. Rac1 Nde5 $2 $146 {Dit had afgestraft moeten worden.} (14... Qb8) 15.
Qe3 $2 {Na bijna een kwartier.} ({Ik keek natuurlijk meteen naar de
standaardwending} 15. Nd5 $1 {En ik had hem ook bijna a tempo gespeeld. Maar
ik ging toch maar nadenken en toen vond ik het niet zo duidelijk na} exd5 (
15... Qd8 16. Nxe7+ Qxe7 17. Ba3 $16) 16. cxd5 Bf6 {Maar dat is onzin. Wit
staat vrijwel op winst na bijv.} 17. Ba3 {(niet naar gekeken geloof ik.)} ({
Ik had alleen gekeken naar} 17. Nxe5 dxe5 18. Qe3 Rfd8 {wat ook wel goed is
voor wit maar niet uit.}) 17... Nxf3+ 18. Qxf3 Rfd8 19. dxc6 Bxc6 20. Qe3 $18 {
enz.}) 15... Nxf3+ {Wit nog een uur, zwart drie kwartier.} 16. Bxf3 Ne5 17. Be2
({Gewoon} 17. Bg2 {lijkt toch iets beter.}) 17... Qc6 18. f4 Nd7 19. Ba3 ({
Mijn bedoeling was} 19. Nd5 {Maar dat lijkt een slag in de lucht na} Bd8) 19...
Rfe8 ({Ik wist niet goed wat te denken van} 19... Nc5 20. Bf3 f5 {maar dit
lijkt toch beter voor wit na} 21. Bxc5 Qxc5 22. Qxc5 bxc5 23. Rd3) 20. Bf3 Rad8
{Wit nog 45 minuten, zwart 24 minuten.} 21. Rf1 {Ik overwoog hier al remise
aan te bieden omdat ik geen concreet plan zag, maar ik keek het nog even aan.}
Qc7 22. Kg2 Rc8 (22... b5 $5) 23. Ne2 {Ik had geen concreet plan, maar je moet
een keer een zet doen.} Qb8 24. Bb2 Bf6 $6 (24... b5 $5) 25. Ba3 {Met
remiseaanbod wat meteen aangenomen werd.} ({Misschien had ik verder moeten
spelen met} 25. Bxf6 Nxf6 26. Qxb6 Nxe4 {maar ik zat met te weinig
zelfvertrouwen achter het bord.}) 1/2-1/2

[Event "Tata dag-6-kamp 2Z"]
[Site "?"]
[Date "2019.01.15"]
[Round "2"]
[White "Valette, Christian"]
[Black "Witt, Rob"]
[Result "1/2-1/2"]
[WhiteElo "2026"]
[BlackElo "2138"]
[Annotator "Witt"]
[PlyCount "74"]
[EventDate "2019.??.??"]

{Mijn Franse tegenstander had de eerste ronde verloren van Jan Boersma. Ik had
in de database gezien dat het een wisselvallige speler is, die net zo
makkelijk remise maakt tegen 2400 als verliest van 1900.} 1. Nf3 c5 {Hij zal
wel niet overgaan naar Siciliaans maar je weet nooit.} 2. b3 Nc6 3. Bb2 d6 4.
e3 e6 5. d4 cxd4 6. exd4 Nf6 7. Bd3 Be7 8. O-O O-O 9. Nbd2 Qc7 10. a3 {Dit
stond binnen een paar minuten op het bord. Wit heeft zich harmonieus opgesteld
en ik speel Siciliaans.} b6 11. c4 Bb7 12. Rc1 Rac8 13. Qe2 d5 14. Ne5 dxc4 15.
Bxc4 {Die verraste mij. Ik moet rekening houden met Pxf7 wendingen.} Qd6 16.
Ndf3 {Na ruim een kwartier.} Nd5 17. Ba6 {Ook deze kostte een kwartier.} Nxe5 {
Op zich geen slechte zet.} ({Maar beter is de suggestie van Wim Westerveld} 
17... Nf4 18. Qb5 {Maar nu moet zwart verder gaan met} Bxa6 $1 {(Stockfish)} ({
Bij de nazit analyseerden wij alleen} 18... Nxe5 19. Bxb7 Rxc1 20. Bxc1 Nxf3+
21. Bxf3 {wat misschien iets beter is dan de partij.}) 19. Qxa6 Nxe5 $1 {
Die kan je makkelijk missen want dit paard stond ogenschijnlijk gepend.} 20.
dxe5 ({Verliezend is} 20. Rxc8 Nxf3+ 21. gxf3 (21. Kh1 Qd5 22. Bc1 Nxg2 $19)
21... Qd5 22. Rfc1 Qxf3 23. Qf1 Ne2+) 20... Qd3 21. Qxc8 (21. Qxd3 Nxd3 $17)
21... Rxc8 22. Rxc8+ Bf8 $17) 18. Bxb7 Nxf3+ 19. Qxf3 Rb8 ({Ik overwoog ook} 
19... Rxc1 20. Rxc1 Bg5 21. Rc4 Ne7 $13) 20. Bxd5 exd5 {Wit nog 25 minuten,
zwart een uur. Zwart heeft een iets betere loper, maar veel stelt het niet
voor.} 21. Rc2 Rbc8 22. Rfc1 Rxc2 23. Rxc2 Bf6 24. g3 g6 25. Kg2 h5 26. Qc3 Qe6
27. Qf3 Kg7 28. h3 Re8 29. b4 {Beetje vreemd, maar veel kwaad kan het ook niet.
} Qd7 {Wit nog 12 minuten, zwart 3 kwartier.} ({Ik overwoog hier een overgang
naar een eidspel met} 29... g5 30. Qd3 g4 31. hxg4 hxg4 32. Bc1 Qe4+ 33. Qxe4
Rxe4 {maar ik kon niet goed overzien hoe serieus de winstkansen waren.}) 30.
Qd3 ({Na afloop nam ik het mijzelf kwalijk dat ik zijn loper had laten
ontsnappen. Maar de engine geeft hier als beste aan} 30. Bc1 {en inderdaad
heeft zwart niets na} Bxd4 31. Rd2 Qb5 32. Rxd4 Re1 33. Qd3 $11 {Dat betekent
dat zwart sowieso niet beter staat.}) 30... Re1 31. Bc1 Qa4 32. Rc7 Bd8 {
De witte toren is te aktief. Wit nog 3 minuten, zwart een half uur.} ({Wim
Westerveld dacht dat zwart goede winstkansen heeft na} 32... a5 {Dat blijkt
echter niet het geval na} 33. Bh6+ {(Wunnink)} Kg8 {waarna wit in ieder geval
remise kan maken door herhaling van zetten of een (nauwelijks serieuze)
winstpoging kan doen met bijv.} 34. Ra7) 33. Rc8 Qd7 34. Rc2 Bf6 35. Bf4 Re4
36. Be3 {2'} Qe7 {26'} 37. Rc6 g5 {12' En hier bood ik maar remise aan want ik
had het gevoel dat ik een beetje zat te knoeien. Christian nam het meteen aan.}
1/2-1/2